|
|
|
|
| LEADER |
00000nam0a2200000 4500 |
| 001 |
236975 |
| 005 |
20231101231518.0 |
| 010 |
|
|
|a 9785370029387
|
| 035 |
|
|
|a (RuTPU)RU\TPU\book\258144
|
| 090 |
|
|
|a 236975
|
| 100 |
|
|
|a 20130507d2013 m y0rusy50 ca
|
| 101 |
0 |
|
|a rus
|
| 102 |
|
|
|a RU
|
| 105 |
|
|
|a a j 001zy
|
| 200 |
1 |
|
|a Переходные процессы в электроэнергетических системах
|e учебное пособие
|f Ю. А. Куликов
|
| 210 |
|
|
|a Москва
|c Омега-Л
|d 2013
|
| 215 |
|
|
|a 380 с.
|c ил.
|
| 225 |
1 |
|
|a Высшее техническое образование
|
| 320 |
|
|
|a Библиогр.: с. 348-352.
|
| 320 |
|
|
|a Глоссарий: с. 366-375.
|
| 330 |
|
|
|a В учебном пособии рассмотрены электромагнитные и электромеханические переходные процессы в электроэнергетических системах. Приведены основные подходы к моделированию электроэнергетических систем, методы расчета и анализа токов короткого замыкания и устойчивости систем, которые проиллюстрированы примерами расчета.Предназначено для студентов направления «электроэнергетика» (бакалавриат и магистратура). Представляет интерес для преподавателей вузов, а также для специалистов, занимающихся проектированием, планированием и эксплуатацией электроэнергетических систем.
|
| 606 |
1 |
|
|a Электроэнергетические системы
|x Переходные процессы
|2 stltpush
|3 (RuTPU)RU\TPU\subj\21052
|9 46100
|
| 610 |
1 |
|
|a моделирование
|
| 610 |
1 |
|
|a математические модели
|
| 610 |
1 |
|
|a токи короткого замыкания
|
| 610 |
1 |
|
|a расчеты
|
| 610 |
1 |
|
|a несимметричные аварийные режимы
|
| 610 |
1 |
|
|a дальние электропередачи
|
| 610 |
1 |
|
|a защита
|
| 610 |
1 |
|
|a устойчивость
|
| 610 |
1 |
|
|a асинхронные режимы
|
| 610 |
1 |
|
|a мониторинг
|
| 610 |
1 |
|
|a частота
|
| 610 |
1 |
|
|a мощность
|
| 610 |
1 |
|
|a учебные пособия
|
| 675 |
|
|
|a 621.311.018(075.8)
|v 3
|
| 700 |
|
1 |
|a Куликов
|b Ю. А.
|g Юрий Алексеевич
|
| 801 |
|
1 |
|a RU
|b 63413507
|c 20130507
|
| 801 |
|
2 |
|a RU
|b 63413507
|c 20160208
|g RCR
|
| 900 |
|
|
|a Переходные процессы в электроэнергетических системах
|
| 942 |
|
|
|c BK
|
| 959 |
|
|
|a 88/20130507
|d 7
|e 363,90
|f ЧЗТЛ:1
|f АНЛ:1
|f УФ:5
|